El velero rojo

Kaydedildi:
Detaylı Bibliyografya
Asıl Yazarlar: Grin, A (Yazar), Fahrmann, Willi (Yazar)
Materyal Türü: Kitap
Dil:İspanyolca
Baskı/Yayın Bilgisi: Madrid SM 1986
Edisyon:5a. ed
Seri Bilgileri:<El >barco a vapor, 53
Konular:
Etiketler: Etiketle
Etiket eklenmemiş, İlk siz ekleyin!

MARC

LEADER 00000nam a2200000 a 4500
001 UCH7046
003 CL-VaPUC
008 091109e19860000SP |||||||||||||||||spa|d
020 |a 8434812665 
082 0 4 |a 833  |b GRI  |2 21 
100 0 |a Grin, A  |e author  |9 543527 
700 |a Fahrmann, Willi  |e author  |9 310641 
245 1 3 |a El velero rojo 
250 |a 5a. ed 
300 |a 119 p 
942 |c BK 
945 |d 20091109 00:00:00  |a ccalabra 
260 |a Madrid  |b SM  |c 1986 
650 0 |a Literatura  |9 259151 
650 0 |a Literatura alemana   |9 265457 
650 0 |a Literatura infantil   |9 307465 
650 0 |a Cuentos infantiles  |9 308044 
650 7 |a ESCRITORES ALEMANES  |2 CL-VaPUC  |9 449823 
650 0 |a Ficción   |9 376687 
650 0 |a Lectura  |9 307634 
650 0 |a Narrativa  |9 336727 
583 |a last modification  |c 20091109 00:00:00  |k Rodrigo Vera 
490 0 |a <El >barco a vapor, 53 
999 |c 337799  |d 337797